| 000 | 01334nac a22002531u 4500 | ||
|---|---|---|---|
| 008 | 090614t xxu||||| |||| 00| 0 eng d | ||
| 010 | _a 2003050113 | ||
| 020 | _a0299191540 (pbk. : alk. paper) | ||
| 082 | 0 | 0 |
_a378.170281 _bK482 |
| 100 |
_aKesselman-Turkel, Judi _96128 |
||
| 245 | 1 | 0 |
_aNote-taking made easy / _cJudi Kesselman-Turkel and Franklynn Peterson. |
| 260 |
_aMadison : _bUniversity of Wisconsin Press, _c1982 |
||
| 300 |
_a98 p. : _bill. ; _c21 cm. |
||
| 440 | 0 |
_aStudy smart series _96129 |
|
| 500 | _aOriginally published: Chicago : Contemporary Books, c1982. | ||
| 650 | 0 |
_aNote-taking _vHandbooks, manuals, etc. _96130 |
|
| 700 | 1 |
_aPeterson, Franklynn. _96131 |
|
| 856 | 4 | 1 |
_3Table of contents _uhttp://www.loc.gov/catdir/toc/fy038/2003050113.html |
| 856 | 4 | 1 |
_3Contributor biographical information _uhttp://www.loc.gov/catdir/enhancements/fy0666/2003050113-b.html |
| 856 | 4 | 1 |
_3Publisher description _uhttp://www.loc.gov/catdir/enhancements/fy0666/2003050113-d.html |
| 942 |
_cBB _k378.170281K482 _2ddc |
||
| 999 |
_c2111 _d2111 |
||